Loading...
| Fine Arts - Classical Music | 3 | 13.33 | 100% | 33% | 0% |
| Fine Arts - Other Fine Arts | 5 | 14.00 | 100% | 40% | 0% |
| Fine Arts - Visual Fine Arts | 2 | 15.00 | 100% | 50% | 0% |
| History - American History | 7 | 14.29 | 100% | 43% | 0% |
| History - European History | 4 | 22.50 | 100% | 75% | 50% |
| History - Other History | 4 | 15.00 | 100% | 50% | 0% |
| History - World History | 3 | 13.33 | 67% | 67% | 0% |
| Literature - American Literature | 1 | 10.00 | 100% | 0% | 0% |
| Literature - British Literature | 4 | 10.00 | 50% | 50% | 0% |
| Literature - European Literature | 4 | 7.50 | 75% | 0% | 0% |
| Literature - World/Other Literature | 3 | 16.67 | 100% | 33% | 33% |
| Mythology | 5 | 10.00 | 60% | 20% | 20% |
| Other Academic | 1 | 20.00 | 100% | 100% | 0% |
| Philosophy | 3 | 20.00 | 100% | 67% | 33% |
| Religion | 3 | 16.67 | 100% | 33% | 33% |
| Science - Biology | 1 | 10.00 | 100% | 0% | 0% |
| Science - Chemistry | 5 | 10.00 | 80% | 20% | 0% |
| Science - Other Science | 5 | 14.00 | 100% | 40% | 0% |
| Science - Physics | 5 | 14.00 | 100% | 40% | 0% |
| Social Science | 2 | 15.00 | 100% | 50% | 0% |